Score 0/18 Timer 03:00
0 Plays Today
Name Character % Correct
1.) Clumsy main characterAira
99%
2.) Obsessed with Aurora RisingRizumu
95%
3.) Popular Idol and ModelMion
94.8%
4.) Leader of Callings and Designer of the store Prism StoneSho
92%
5.) #15 Brother and also part of CallingsHibiki
88.1%
6.) Likes #3 and part of CallingsWataru
84.7%
7.) Can sense star aura, scouted #1Jun
75%
8.) President of Pretty TopAsechi
70.5%
9.) Teacher at Pretty TopPenguin
64.2%
Name Character % Correct
12.) Pair-Cheer Mascot, belongs to #2Bear-chi
60.6%
11.) Pair-Cheer Mascot, belongs to #1Rabit-chi
60.4%
15.) Sere-non 'Angel' and #5 sisterKanon
59.5%
14.) Sere-non 'Devil'Serena
58.9%
10.) Manager at Pretty TopYamada
56.3%
13.) Pair-Cheer Mascot, belongs to #3Neko-chi
54.3%
16.) #2's MomSonata Amamiya
54%
18.) Used to be in the circus and calls #16 'Mom'Kaname
52.8%
17.) #16 Coach for Aurora RisingKei Coach
41.8%
Remove Ads.
Support Sporcle.
Get the best of Sporcle when you Go Orange. This ad-free experience offers more features, more stats, and more fun while also helping to support Sporcle. Thank you for becoming a member.

You're not logged in!

Compare scores with friends on all Sporcle quizzes.
OR
Log In

Show Comments

Extras

Top Quizzes Today


Score Distribution

Your Account Isn't Verified!

In order to create a playlist on Sporcle, you need to verify the email address you used during registration. Go to your Sporcle Settings to finish the process.

Report this User

Report this user for behavior that violates our Community Guidelines.

Details: